[Event "TCh-ISL Div 1 2010-11"]
[Site "Reykjavik ISL"]
[Date "2010.10.08"]
[Round "1.3"]
[White "Halldorsson,Ha"]
[Black "Hreinsson,H"]
[Result "1-0"]
[WhiteElo "2215"]
[BlackElo "2271"]

1.e4 c5 2.Nf3 Nc6 3.Bb5 e6 4.O-O Nge7 5.Re1 a6 6.Bf1 d6 7.c3 Ng6 8.d4 cxd4
9.cxd4 Be7 10.d5 Nb8 11.dxe6 Bxe6 12.Nc3 O-O 13.Be3 Bf6 14.Nd4 Nc6 15.Rc1 Re8
16.Na4 Nxd4 17.Bxd4 b5 18.Bb6 Qe7 19.Rc7 Qf8 20.Nc3 Rec8 21.Nd5 Bxb2 22.a4 Bxd5
23.exd5 b4 24.g3 Qd8 25.Rc6 Qd7 26.a5 Ne5 27.Rxc8+ Qxc8 28.f4 Nc4 29.Kh1 Bc3
30.Re7 Nxb6 31.axb6 Rb8 32.Qe2 Bf6 33.Rc7 Qf5 34.b7 g6 35.g4 Rxb7 36.Rxb7 Qxd5+
37.Bg2 Qb3 38.g5 Bd4 39.Qxa6 Qe3 40.Qf1 b3 41.Bd5 b2 42.Rxf7  1-0

[Event "TCh-NED"]
[Site "Netherlands NED"]
[Date "2010.10.09"]
[Round "2.8"]
[White "Jens,J"]
[Black "Spoelman,W"]
[Result "0-1"]
[WhiteElo "2387"]
[BlackElo "2538"]

1.e4 c5 2.Nf3 Nc6 3.Bb5 d6 4.O-O Bd7 5.c3 Nf6 6.Re1 a6 7.Ba4 b5 8.Bc2 Bg4
9.d3 e6 10.Nbd2 Be7 11.h3 Bh5 12.g4 Bg6 13.Nh4 d5 14.f4 c4 15.f5 cxd3 16.Bxd3 Qb6+
17.Kg2 dxe4 18.Nxe4 O-O-O 19.fxg6 Nxe4 20.Rxe4 Bxh4 21.Be3 Qc7 22.Bf4 e5
23.Be3 hxg6 24.Qf1 Ne7 25.a4 f5 26.gxf5 gxf5 27.Rb4 Qb7+ 28.Kg1 Rxd3 29.Qxd3 Qf3
30.Rd1 Qg3+ 31.Kf1 Qxh3+ 32.Kg1 Qg3+ 33.Kf1 Qf3+  0-1

[Event "TCh-SWE Elitserien 2010-11"]
[Site "Sweden SWE"]
[Date "2010.10.09"]
[Round "2"]
[White "Kinnmark,O"]
[Black "Svensson,M"]
[Result "1/2-1/2"]
[WhiteElo "2266"]
[BlackElo "2192"]

1.e4 c5 2.Nf3 Nc6 3.Bb5 e6 4.O-O Nge7 5.Re1 a6 6.Bf1 d5 7.exd5 Nxd5 8.d4 Nf6
9.Be3 cxd4 10.Nxd4 Nxd4 11.Qxd4 Qxd4 12.Bxd4 Bd7 13.c4 Be7 14.Nc3 Bc6 15.a3 O-O
16.b4 Rfd8 17.Bb6 Rd2 18.Rad1 Rxd1 19.Rxd1 Nd7 20.Bd4 Nf6 21.Bb6 Nd7 22.Bd4 Nf6
23.Bb6 Nd7  1/2-1/2

[Event "4NCL Individual Rapid"]
[Site "Newport Pagnell ENG"]
[Date "2010.10.10"]
[Round "3"]
[White "Zhou,Y"]
[Black "Mossong,H"]
[Result "1-0"]
[WhiteElo "2320"]
[BlackElo "2184"]

1.e4 c5 2.Nf3 Nc6 3.Bb5 g6 4.Bxc6 dxc6 5.d3 Bg7 6.h3 e5 7.Nc3 Qe7 8.Be3 Nf6
9.Qd2 O-O 10.Bh6 Ne8 11.O-O Nc7 12.Ne2 Be6 13.Bxg7 Kxg7 14.Qc3 f6 15.a4 a5
16.Nh2 Bg8 17.f4 exf4 18.Rxf4 Ne6 19.Rf2 Rad8 20.Qxa5 Nd4 21.Nxd4 Rxd4 22.Qc3 Ra8
23.b3 b5 24.Raf1 bxa4 25.bxa4 Rf8 26.a5 Rb4 27.Ng4 Rd4 28.Nxf6 Rfd8 29.Nxg8 Kxg8
30.a6 c4 31.Qa5 cxd3 32.cxd3 Rxd3 33.Qa2+ Kh8 34.Rf7 Qc5+ 35.Kh1 Rd2 36.Qe6 Qg5
37.Qf6+ Qxf6 38.R1xf6 Ra2 39.Rxc6 Ra8 40.Rcc7 h5 41.a7 Ra6 42.Rb7 Kg8  1-0

[Event "4NCL Individual Rapid"]
[Site "Newport Pagnell ENG"]
[Date "2010.10.10"]
[Round "8"]
[White "Kilpatrick,C"]
[Black "Sherwin,J"]
[Result "0-1"]
[WhiteElo "2247"]
[BlackElo "2246"]

1.e4 c5 2.Nf3 Nc6 3.Bb5 g6 4.Bxc6 dxc6 5.d3 Bg7 6.h3 Nf6 7.Nc3 Nd7 8.Be3 e5
9.Qd2 Qe7 10.Bh6 f6 11.Bxg7 Qxg7 12.Ng1 O-O 13.Nge2 Rd8 14.O-O Nf8 15.Qe3 Ne6
16.f4 Nd4 17.Rac1 Be6 18.b3 b5 19.Ng3 c4 20.dxc4 bxc4 21.Na4 Qe7 22.f5 gxf5
23.exf5 Bd5 24.Rf2 Kh8 25.c3 Nb5 26.Nc5 Rg8 27.b4 Nd6 28.Nce4 Nxe4 29.Nxe4 Rad8
30.Re1 Bxe4 31.Qxe4 Rd3 32.Qxc4 Rxh3 33.Rd1 Qg7 34.Rfd2 Qg3  0-1

[Event "TCh-ISL Div 1 2010-11"]
[Site "Reykjavik ISL"]
[Date "2010.10.10"]
[Round "4.1"]
[White "Gunnarsson,J"]
[Black "Bergsson,St"]
[Result "0-1"]
[WhiteElo "2435"]
[BlackElo "2102"]

1.e4 c5 2.Nf3 Nc6 3.Bb5 d6 4.c3 a6 5.Ba4 b5 6.Bc2 e5 7.d3 g6 8.a4 Rb8 9.axb5 axb5
10.Bb3 h6 11.Nbd2 Bg7 12.Nf1 Nge7 13.Ne3 O-O 14.g4 Na5 15.Bc2 d5 16.exd5 Nxd5
17.Nxd5 Qxd5 18.Rg1 Nb7 19.Be3 Nd6 20.Nd2 Kh7 21.h4 b4 22.h5 bxc3 23.hxg6+ fxg6
24.bxc3 e4 25.dxe4 Qe5 26.Rc1 Qh2 27.Rf1 Ba6 28.Bb1 Bxf1 29.Nxf1 Qe5 30.Qd5 Qxd5
31.exd5 c4 32.Nd2 Rb2 33.Kf1 Rc8 34.Kg2 Nb5 35.Ne4 Re8 36.d6 Na3 37.Ng5+ hxg5
38.Bxg5 Rxb1 39.d7 Reb8 40.Rxb1 Nxb1 41.d8=Q Rxd8 42.Bxd8 Nd2 43.Ba5 Ne4
44.Kf3 Bxc3 45.Bc7 Nc5 46.Ke3 Kg7 47.f4 Kf7 48.Bb6 Nd7 49.Bc7 Nf6  0-1

[Event "Karen Asrian Memorial"]
[Site "Jermuk ARM"]
[Date "2010.10.11"]
[Round "7"]
[White "Vardanian,Hak"]
[Black "Baghdasaryan,V"]
[Result "1-0"]
[WhiteElo "2212"]
[BlackElo "2348"]

1.e4 c5 2.Nf3 Nc6 3.Bb5 e6 4.Bxc6 bxc6 5.d3 Ne7 6.Nbd2 Ng6 7.h4 h5 8.e5 f6
9.Qe2 Qc7 10.Nc4 Ba6 11.Qe4 Kf7 12.Bf4 Bxc4 13.dxc4 d6 14.exd6 Bxd6 15.Bd2 e5
16.Ng5+ fxg5 17.Qf5+ Kg8 18.Qxg6 g4 19.O-O-O Rh7 20.Qe6+ Kh8 21.Bg5 Bf8 22.Rd7 Qb6
23.Rhd1 Rb8 24.b3 Qa5 25.Kb2  1-0

[Event "I Memorial Oliver Gonzalez"]
[Site "Madrid ESP"]
[Date "2010.10.12"]
[Round "4"]
[White "Cavalle Pulla,D"]
[Black "Sanchez Millan,E"]
[Result "1/2-1/2"]
[WhiteElo "1847"]
[BlackElo "2000"]

1.e4 c5 2.Nf3 Nc6 3.Bb5 Nd4 4.Nxd4 cxd4 5.c3 Qb6 6.Qe2 Nf6 7.e5 Nd5 8.Bc4 Nc7
9.O-O e6 10.d3 d6 11.exd6 Bxd6 12.Qg4 Be5 13.Bf4 Bxf4 14.Qxf4 dxc3 15.bxc3 O-O
16.Nd2 Nb5 17.Ne4 f5 18.Ng5 Nxc3 19.Qe5 Qd4 20.Bxe6+ Kh8 21.Nf7+ Kg8 22.Nd6+ Bxe6
23.Qxe6+ Kh8 24.Nf7+ Rxf7 25.Qxf7 Ne2+ 26.Kh1 Nf4 27.Rae1 h6 28.Qxf5 Nxd3
29.Re4 Qd6 30.Re3 Rd8 31.Kg1 Nf4 32.Rfe1 Rf8 33.Re8 Ne2+ 34.R1xe2 Qd1+ 35.Re1 Qxe1+
36.Rxe1 Rxf5 37.Rb1 Rc5 38.Kf1 b6 39.Ke1 a5 40.Rxb6 Rc2 41.a3 Rc3 42.Kd2 Rxa3
43.h4 Ra2+ 44.Ke3 Ra1 45.h5 a4 46.Ra6 a3 47.Kf3 a2 48.g4 Kg8 49.Ra7 Kf8 50.Kf4 Ke8
51.Kf5 Kf8 52.f3 Rf1 53.Rxa2 Rxf3+ 54.Kg6 Kg8 55.Ra8+ Rf8 56.Rxf8+ Kxf8  1/2-1/2

[Event "TCh-CHN"]
[Site "Guangzhou CHN"]
[Date "2010.10.13"]
[Round "13"]
[White "Zhang Jilin"]
[Black "Ning Chunhong"]
[Result "1/2-1/2"]
[WhiteElo "2281"]
[BlackElo "2347"]

1.e4 c5 2.Nf3 Nc6 3.Bb5 d6 4.O-O Bd7 5.c3 a6 6.Ba4 Nf6 7.Re1 e5 8.d3 Be7
9.Nbd2 O-O 10.Nf1 b5 11.Bc2 Qc7 12.Bg5 h6 13.Bh4 Rac8 14.Ne3 Be6 15.d4 cxd4
16.cxd4 Nxd4 17.Nxd4 exd4 18.Qxd4 Ng4 19.Bxe7 Qxe7 20.Bb3 Nxe3 21.Rxe3 Bxb3
22.axb3 Rc6 23.Rc3 Rfc8 24.Rxa6 Rxc3 25.bxc3 Qe5 26.Qxe5 dxe5 27.c4 bxc4
28.bxc4 Rxc4  1/2-1/2

[Event "TCh-CHN"]
[Site "Guangzhou CHN"]
[Date "2010.10.14"]
[Round "14"]
[White "Xu Yuhua"]
[Black "Ning Chunhong"]
[Result "1-0"]
[WhiteElo "2478"]
[BlackElo "2347"]

1.e4 c5 2.Nf3 Nc6 3.Bb5 d6 4.O-O Bd7 5.Re1 Nf6 6.c3 a6 7.Ba4 b5 8.Bc2 e5
9.h3 Be7 10.d4 O-O 11.d5 Na5 12.Nbd2 Qc7 13.b3 Nb7 14.Nf1 Ne8 15.g4 g6 16.Bh6 Ng7
17.Ng3 f6 18.Kh2 Nd8 19.Rg1 Nf7 20.Be3 Kh8 21.a4 c4 22.b4 a5 23.axb5 f5 24.gxf5  1-0

[Event "I Memorial Oliver Gonzalez"]
[Site "Madrid ESP"]
[Date "2010.10.14"]
[Round "6"]
[White "Pascual Palomo,L"]
[Black "Vargas Huamani,J"]
[Result "1-0"]
[WhiteElo "2126"]
[BlackElo "2013"]

1.e4 c5 2.Nf3 Nc6 3.Bb5 e6 4.Bxc6 bxc6 5.e5 d5 6.O-O Ba6 7.Re1 Ne7 8.d3 Rb8
9.b3 Ng6 10.Qe2 Be7 11.c4 O-O 12.Nc3 Nh4 13.Nxh4 Bxh4 14.Na4 Be7 15.Ba3 Qa5
16.Rad1 Rfd8 17.Qe3 dxc4 18.dxc4 Bxc4 19.Bxc5 Bxc5 20.Nxc5 Bd5 21.Rd2 Qb6
22.Red1 h6 23.h3 a5 24.Rc1 Ra8 25.Rd4 Qc7 26.Rg4 Kh7 27.Qd3+ g6 28.Qe3 Qe7
29.Rf4 Kg7 30.Rf6 Rab8 31.Rc3 Rb4 32.a3 Rbb8 33.h4 h5 34.Qg5 Qe8 35.Rg3 Kh7
36.Qf4 Kg7 37.Rg5 Rb5 38.b4 axb4 39.axb4 Rbb8 40.Qg3 Rxb4  1-0

[Event "WY Boys-U18"]
[Site "Porto Carras GRE"]
[Date "2010.10.22"]
[Round "3.16"]
[White "Kanmazalp,O"]
[Black "Nuri,Kam"]
[Result "0-1"]
[WhiteElo "2411"]
[BlackElo "2280"]

1.e4 c5 2.Nf3 Nc6 3.Bb5 e6 4.O-O Nge7 5.c3 a6 6.Ba4 b5 7.Bc2 d5 8.e5 d4 9.Be4 Bb7
10.cxd4 cxd4 11.d3 Ng6 12.Qe2 Qd7 13.h4 Bc5 14.h5 Nge7 15.h6 gxh6 16.Bxh6 Ng6
17.Nbd2 Bf8 18.Bxf8 Nf4 19.Qd1 Kxf8 20.g3 Rg8 21.Nb3 f5 22.exf6 e5 23.Ne1 Qh3
24.Nc5 Qh6 25.Bg2 Bc8 26.gxf4 exf4 27.Ne4 Ne5 28.f3 Bh3 29.Rf2 Rg3 30.Qb3 Qh5
31.Qb4+ Kg8 32.Qd6 Kh8 33.Rc1 Rag8 34.Rcc2 Bxg2 35.Rxg2 Nxf3+ 36.Kf2 Nxe1
37.Rxg3 Nxd3+ 38.Kf1 Qh1+  0-1

[Event "WY Girls-U10"]
[Site "Porto Carras GRE"]
[Date "2010.10.23"]
[Round "4.7"]
[White "Aksoy,Ayca"]
[Black "Kurcsics,Erika"]
[Result "1-0"]
[WhiteElo "1639"]
[BlackElo "1673"]

1.e4 c5 2.Nf3 Nc6 3.Bb5 g6 4.c3 Bg7 5.O-O d6 6.h3 Nf6 7.Re1 O-O 8.d4 cxd4
9.cxd4 a6 10.Bf1 Bd7 11.Nc3 Rc8 12.Be3 b5 13.a3 Qc7 14.Rc1 Qb7 15.Bd3 Rc7
16.b4 Rfc8 17.Qd2 Be8 18.Red1 Qa8 19.e5 dxe5 20.dxe5 Nd7 21.Nd5 Rb7 22.Rxc6 Rxc6
23.Nxe7+ Kh8 24.Nxc6 Rc7 25.Ncd4 Nxe5 26.Bf4 Nxf3+ 27.Nxf3 Rd7 28.Qc2 Rd8
29.Rc1 Bd7 30.Be4 Qa7 31.Qc7 Qxc7 32.Rxc7 Be6 33.Ra7 Bb2 34.Rxa6 Bc4 35.Be5+ Bxe5
36.Nxe5 Rd1+ 37.Kh2 Re1 38.Nxc4 bxc4 39.Bd5 c3 40.Rc6 Rc1 41.b5 c2 42.a4 Kg7
43.Bb3 Rf1 44.Rxc2 Ra1 45.b6 Rb1 46.Rc3 Re1 47.b7 Re8 48.Rc8 Rxc8 49.bxc8=Q  1-0

[Event "Spartak GM"]
[Site "Subotica SRB"]
[Date "2010.10.23"]
[Round "1"]
[White "Sax,G"]
[Black "Boskovic,D"]
[Result "1-0"]
[WhiteElo "2529"]
[BlackElo "2417"]

1.e4 c5 2.Nf3 Nc6 3.Bb5 d6 4.O-O Bd7 5.Re1 Nf6 6.c3 a6 7.Bf1 Bg4 8.h3 Bxf3
9.Qxf3 g6 10.Na3 Bh6 11.Nc2 O-O 12.Qd1 e5 13.Ne3 Qd7 14.d3 Bg7 15.g3 Rab8
16.Bg2 Kh8 17.Rf1 b5 18.Bd2 Ng8 19.h4 f5 20.Bh3 Nce7 21.h5 Bh6 22.hxg6 hxg6
23.d4 Qe8 24.Ng2 fxe4 25.dxe5 d5 26.b4 Rd8 27.bxc5 Nf5 28.Bxf5 Rxf5 29.Bf4 Bxf4
30.Nxf4 g5 31.Ng2 Rf3 32.Ne3 Qe6 33.Kg2 Kg7 34.Qd2 Ne7 35.Rh1 b4 36.Rh5 bxc3
37.Rxg5+ Ng6 38.Qd4 Rh8 39.Ng4 Rd3 40.Qb4 Qe7 41.Nf6 c2 42.Qb6 Qf7 43.Rf5 Qe7
44.Nxd5 Rxd5 45.Qf6+  1-0

[Event "Uxbridge Premier"]
[Site "Denham ENG"]
[Date "2010.10.25"]
[Round "2"]
[White "Kingston,I"]
[Black "Taylor,Adam A"]
[Result "1/2-1/2"]
[WhiteElo "1992"]
[BlackElo "1821"]

1.e4 c5 2.Nf3 Nc6 3.Bb5 e6 4.Bxc6 bxc6 5.e5 f6 6.d4 cxd4 7.Qxd4 c5 8.Qe4 Ba6
9.c4 fxe5 10.b3 Bd6 11.Bb2 Nf6 12.Qe2 e4 13.Ng5 Bb7 14.O-O O-O 15.Nc3 h6
16.Ngxe4 Nxe4 17.Nxe4 Bxh2+ 18.Kxh2 Qh4+ 19.Kg1 Bxe4 20.f3 Bc6 21.Qe5 Rf7
22.Qxc5 Rf5 23.Qd4 Qg3 24.Qg4 Rxf3 25.Qxg3 Rxg3 26.Rf2 Rf8 27.Rxf8+ Kxf8
28.Rf1+ Ke7 29.Ba3+ d6 30.Rf2 e5 31.Rd2 Rg6 32.b4 Rg3 33.Bb2 Ke6 34.b5 Bb7
35.Re2 Rg5 36.Ba3 Rg3 37.Bb2  1/2-1/2

[Event "WY Boys-U14"]
[Site "Porto Carras GRE"]
[Date "2010.10.26"]
[Round "7.3"]
[White "Rapport,R"]
[Black "Ynojosa,F"]
[Result "1/2-1/2"]
[WhiteElo "2523"]
[BlackElo "2229"]

1.e4 c5 2.Nf3 Nc6 3.Bb5 e6 4.Bxc6 bxc6 5.d3 d5 6.b3 Nf6 7.e5 Nd7 8.O-O Be7
9.c4 O-O 10.Qe2 f5 11.Nc3 d4 12.Na4 Nb8 13.Ne1 Bd7 14.g3 Be8 15.h4 h6 16.h5 Nd7
17.Kg2 Nb6 18.Rh1 Nxa4 19.bxa4 Rb8 20.Ba3 Qa5 21.Qc2 Rf7 22.Nf3 Bf8 23.Rac1 Qd8
24.Qd2 Rfb7 25.Qd1 Qc7 26.Qe1 Rb6 27.Qa5 Qb7 28.Qd2 Ra6 29.Qd1 Qc7 30.Nd2 Qxe5
31.Re1 Qf6 32.Nb3 Rxa4 33.Bxc5 Rxa2 34.Bxd4 Qg5 35.Be3 Qxh5 36.Qxh5 Bxh5
37.Nd4 Re8 38.Nxc6 e5 39.Ra1 Rxa1 40.Rxa1 Be2 41.Ra5 e4 42.dxe4 Rxe4 43.c5 Bc4
44.Nxa7 Re5 45.Nc8 Bd5+ 46.Kf1 Bf3 47.Nb6 f4 48.gxf4 Rh5 49.Ke1 Rh1+ 50.Kd2 h5
51.Nc4 Rd1+ 52.Kc2 Rd8 53.Ne5 Be4+ 54.Kc3 h4 55.f3 Bf5 56.Bd4 Rc8 57.Kc4 h3
58.Ra1 Be6+ 59.Kb4 Rb8+ 60.Kc3 Rc8 61.Nd3 Bf5 62.Rh1 Bxd3 63.Kxd3 Bxc5 64.Be5 Kf7
65.Rxh3 Be7 66.Rh1 Bf6 67.Ke4 Rc4+ 68.Kd5 Ra4 69.Rg1 Ra5+ 70.Ke4 Ke6 71.f5+ Kf7
72.Bxf6 gxf6 73.Rd1 Re5+ 74.Kf4 Re7 75.Kg4 Kg7 76.Kh5 Kf7 77.Ra1 Kg7 78.Ra4 Rb7
79.Ra6 Rc7 80.Ra1 Rb7 81.f4 Rc7 82.Rg1+ Kf7 83.Kh6 Rc2 84.Rg7+ Kf8 85.Rg3 Kf7
86.Kh5 Rc1 87.Kg4 Ra1 88.Re3 Rb1 89.Ra3 Rb7 90.Kf3 Re7 91.Rc3 Re8 92.Rc7+ Re7
93.Rc8 Re1 94.Rc3 Re7 95.Rc1 Re8 96.Rh1 Kg7 97.Ra1 Kf7 98.Rb1 Re7 99.Kg4 Rc7
100.Rb4 Ra7 101.Kf3 Re7 102.Rb6 Re1 103.Kf2 Re7 104.Kg3 Re3+ 105.Kh4 Re7
106.Kg4 Ra7 107.Rb8 Kg7 108.Re8 Kf7 109.Re6 Ra5 110.Rb6 Ra7 111.Kh5 Kg7 112.Rb1 Rc7
113.Rg1+ Kf7 114.Rh1 Kg7 115.Rh4 Rc1 116.Kg4 Rg1+ 117.Kf3 Re1 118.Rh2 Re7
119.Kg4 Rc7 120.Rg2 Ra7 121.Kh5+ Kf7 122.Kh6 Ra1 123.Rg7+ Kf8 124.Rb7 Rg1
125.Kh5 Rg2 126.Kh4 Rg1 127.Kh3 Ke8 128.Kh2 Rg4 129.Rb4 Kf7 130.Ra4 Kf8 131.Ra6 Rxf4
132.Rxf6+ Ke7 133.Kg3 Rf1 134.Re6+ Kf7 135.Kg4 Rg1+ 136.Kf4 Rf1+ 137.Ke5 Re1+
138.Kd6 Rd1+ 139.Kc6 Rf1 140.Re5 Kf6 141.Re8 Rxf5 142.Rf8+ Kg5 143.Rxf5+ Kxf5  1/2-1/2

[Event "Spartak IM"]
[Site "Subotica"]
[Date "2010.10.26"]
[Round "5"]
[White "Ardeleanu,A"]
[Black "Jotic,V"]
[Result "1/2-1/2"]
[WhiteElo "2401"]
[BlackElo "2310"]

1.e4 c5 2.Nf3 Nc6 3.Bb5 e6 4.Bxc6 bxc6 5.O-O Ne7 6.b3 Ng6 7.Bb2 f6 8.e5 Be7
9.Na3 O-O 10.Nc4 Ba6 11.d3 Qc7 12.Re1 Rf7 13.exf6 Bxf6 14.Nce5 Nxe5 15.Nxe5 Rff8
16.Qc1 d6 17.Ng4 Bxb2 18.Qxb2 e5 19.Qc1 h5 20.Ne3 Rf4 21.Nf1 Raf8 22.f3 Bc8
23.Re4 d5 24.Rxf4 exf4 25.Qd2 Qe5 26.Re1 Qd4+ 27.Qf2 Kf7 28.Qxd4 cxd4 29.b4 Bd7
30.Nd2 Rb8 31.a3 a5 32.bxa5 Rb2 33.Rb1 Ra2 34.Rb7 Ke6 35.Nb3 Kd6 36.a4 c5
37.a6 Bxa4 38.Rxg7 Bxb3 39.cxb3 Kc6 40.a7 c4 41.bxc4 dxc4 42.dxc4 d3 43.Rg5 Rxa7
44.Kf2 Ra1 45.Rd5 Ra2+ 46.Ke1 Rxg2 47.Rxh5 Re2+ 48.Kd1 Rf2 49.h4 Rxf3 50.Kd2 Rh3
51.Rf5 Rxh4  1/2-1/2

[Event "Spartak IM"]
[Site "Subotica"]
[Date "2010.10.27"]
[Round "7"]
[White "Ardeleanu,A"]
[Black "Cabarkapa,N"]
[Result "1/2-1/2"]
[WhiteElo "2401"]
[BlackElo "2130"]

1.e4 c5 2.Nf3 Nc6 3.Bb5 e6 4.Bxc6 bxc6 5.Nc3 Ne7 6.d3 Ng6 7.h4 h5 8.e5 f6
9.Qe2 Qc7 10.exf6 gxf6 11.Bd2 d6 12.Qe4 f5 13.Qe2 e5 14.Bg5 Rb8 15.b3 Bg7
16.Na4 Be6 17.O-O Kd7 18.Rad1 Rb4 19.c4 Rbb8 20.Rfe1 Bf7 21.Qc2 Be6 22.Re2 Bh6
23.Rde1 Bxg5 24.Nxg5 Nxh4 25.Nxc5+ dxc5 26.Rxe5 Rhg8 27.Qc1 Rbe8 28.Nxe6 Rxe6
29.Rxe6 Nf3+ 30.Kf1 Nh2+ 31.Kg1 Nf3+ 32.Kf1 Nh2+  1/2-1/2

[Event "Uxbridge Premier"]
[Site "Denham ENG"]
[Date "2010.10.28"]
[Round "9"]
[White "De Coverly,R"]
[Black "Taylor,Dale C"]
[Result "1/2-1/2"]
[WhiteElo "2082"]
[BlackElo "1905"]

1.e4 c5 2.Nf3 Nc6 3.Bb5 e6 4.O-O Nge7 5.Re1 a6 6.Bf1 d5 7.exd5 Nxd5 8.d4 Nf6
9.c3 Be7 10.Bg5 cxd4 11.cxd4 O-O 12.Nc3 b5 13.a3 Bb7 14.Qd3 Na5 15.Ne5 Rc8
16.Rad1 Nc4 17.Qc2 Nd5 18.Bxe7 Qxe7 19.Bxc4 bxc4 20.Nxd5 Bxd5 21.Re3 f6 22.Nf3 Qb7
23.Rd2 Rf7 24.Qc3 Rfc7 25.Ne1 Rc6 26.Nc2 Rb6 27.Nb4 Bxg2 28.f3 Bh3 29.f4 Bf5
30.d5 a5 31.Nc6 Rb3 32.Qd4 Rxe3 33.Qxe3 c3 34.bxc3 Kf7 35.dxe6+ Bxe6 36.Nd8+ Rxd8
37.Rxd8 Qb1+ 38.Kf2 Qh1 39.Kg3 Qf1 40.f5 Qxf5 41.Qf4 Qc5 42.Qd4 Qxa3 43.Ra8 Qa1
44.Ra7+ Kg6 45.Qe3 Bf5 46.Rc7 Qa4 47.Qf4 Qd1 48.Kf2 Qc2+ 49.Ke1 Qb1+ 50.Kf2 Qc2+
51.Ke1  1/2-1/2

[Event "11th Liberec Open"]
[Site "Liberec CZE"]
[Date "2010.10.28"]
[Round "6"]
[White "Vavra,P1"]
[Black "Dambrauskas,V"]
[Result "1-0"]
[WhiteElo "2351"]
[BlackElo "2354"]

1.e4 c5 2.Nf3 Nc6 3.Bb5 Na5 4.d4 a6 5.Bd3 cxd4 6.Nxd4 b5 7.O-O Bb7 8.a4 b4
9.c3 e6 10.cxb4 Bxb4 11.Bd2 Bxd2 12.Nxd2 Ne7 13.b4 Nac6 14.Nc4 O-O 15.Nxc6 Nxc6
16.b5 axb5 17.axb5 Nb4 18.Rxa8 Qxa8 19.Nd6 Nxd3 20.Qxd3 f5 21.f3 Qa7+ 22.Kh1 g6
23.Rd1 fxe4 24.fxe4 Ba8 25.Rf1 Rf2 26.h3 Kf8 27.Qe2 Rxf1+ 28.Qxf1+ Kg7 29.Qf7+ Kh6
30.Qf6  1-0

[Event "Chigorin Mem Classic Open"]
[Site "St Petersburg RUS"]
[Date "2010.10.28"]
[Round "1"]
[White "Kalegin,E"]
[Black "Adamson,G"]
[Result "1-0"]
[WhiteElo "2453"]
[BlackElo "2075"]

1.e4 c5 2.Nf3 Nc6 3.Bb5 Nf6 4.Nc3 Nd4 5.e5 Nxb5 6.Nxb5 Nd5 7.Ng5 h6 8.Nxf7 Kxf7
9.Qf3+ Nf6 10.exf6 gxf6 11.Qh5+ Kg7 12.c4 d6 13.a4 Be6 14.Ra3 Kh7 15.Re3 Qd7
16.Nc7 Qxc7 17.Rxe6 Rg8 18.O-O Rg5 19.Qh3 Re5 20.f4 Rxe6 21.Qxe6 Qc8 22.Qf7+ Kh8
23.b3 Qe8 24.Qd5 e6 25.Qxb7 Rb8 26.Qf3 Qg6 27.Bb2 Bg7 28.Qd1 f5 29.Bc3 Kh7
30.Rf3 Bd4+ 31.Bxd4 cxd4 32.Rg3 Qf6 33.Qf3 Qf7 34.a5 Rc8 35.h4 e5 36.h5 e4
37.Qf2 d5 38.Qxd4 dxc4 39.Rc3 Rc7 40.Rxc4 Rd7 41.Qf2 Qxh5 42.Rc1 Qf7 43.b4 Qa2
44.Qc5 Qxd2 45.Qxf5+ Kg7 46.Qg4+ Kh7 47.Rc6 Qd1+ 48.Qxd1 Rxd1+ 49.Kf2 Rd4
50.b5 Rb4 51.b6 axb6 52.axb6 Kg7 53.Ke3 h5 54.f5 h4 55.Kf4 h3 56.gxh3 e3+
57.Kxe3 Rb3+ 58.Kd4  1-0

[Event "20th World Seniors"]
[Site "Arco ITA"]
[Date "2010.10.29"]
[Round "4"]
[White "Rooze,J"]
[Black "Candea,Ghe1"]
[Result "1/2-1/2"]
[WhiteElo "2288"]
[BlackElo "2142"]

1.e4 c5 2.Nf3 Nc6 3.Bb5 g6 4.O-O Bg7 5.c3 Nf6 6.Re1 O-O 7.h3 Ne8 8.Na3 Nc7
9.Bxc6 dxc6 10.d3 Ne6 11.Be3 b6 12.Qd2 Ba6 13.Rad1 Qd6 14.d4 cxd4 15.cxd4 Rfd8
16.Nc2 Rac8 17.Qc1 Qc7 18.b3 Bb7 19.Bh6 Bxh6 20.Qxh6 Qf4  1/2-1/2

[Event "20th World Seniors"]
[Site "Arco ITA"]
[Date "2010.10.29"]
[Round "4"]
[White "Van den Berg,Ad"]
[Black "Bernhoeft,E"]
[Result "1-0"]
[WhiteElo "2202"]
[BlackElo "1991"]

1.e4 c5 2.Nf3 Nc6 3.Bb5 Na5 4.c3 a6 5.Ba4 b5 6.Bc2 Qc7 7.O-O d6 8.b4 cxb4
9.cxb4 Nc6 10.a3 Bg4 11.Bb2 Rc8 12.Bb3 e6 13.d4 Nf6 14.d5 Ne5 15.Bxe5 dxe5
16.dxe6 fxe6 17.Nbd2 Rd8 18.Qb1 Be7 19.h3 Bh5 20.Bxe6 Rd6 21.Bb3 Qb7 22.Re1 Bg6
23.Nxe5 Rxd2 24.Nxg6 hxg6 25.e5 Nd5 26.Qxg6+ Kf8 27.Rad1 Rxd1 28.Rxd1 Qb6
29.Qf5+ Nf6 30.exf6 gxf6 31.Qg6  1-0

[Event "WY Girls-U10"]
[Site "Porto Carras GRE"]
[Date "2010.10.29"]
[Round "10.1"]
[White "Abdumalik,Z"]
[Black "Kazarian,Anna Maja"]
[Result "1-0"]
[WhiteElo "1870"]
[BlackElo "1658"]

1.e4 c5 2.Nf3 Nc6 3.Bb5 g6 4.O-O Bg7 5.c3 a6 6.Bxc6 dxc6 7.d3 Nf6 8.Re1 O-O
9.Qc2 Qc7 10.Be3 b6 11.h3 Bb7 12.Nbd2 a5 13.Rad1 Ba6 14.c4 e5 15.Nh2 Rad8
16.Nb1 Rd7 17.Nc3 Rfd8 18.a4 Bc8 19.Ne2 Re7 20.Rf1 Qd6 21.Ng3 Rc7 22.Kh1 Qf8
23.f4 Bh6 24.Qf2 exf4 25.Bxf4 Bxf4 26.Qxf4 Ne8 27.Nf3 Rdd7 28.Ng5 Qg7 29.Rd2 h6
30.Nf3 Re7 31.Ne2 Rcd7 32.Qb8 Bb7 33.Qa7 b5 34.Qxc5 bxc4 35.Qxc4 Nd6 36.Qc3 Qxc3
37.Nxc3 Ba6 38.Rfd1 Rb7 39.Nd4 Rb6 40.Rf2 c5 41.Nd5 Reb7 42.Nxb6 Rxb6 43.Nf3 Rb4
44.Ne5 Rb7 45.Rf6 Rb6 46.Nd7 Kg7 47.e5 Rxb2 48.Rxd6 Bb7 49.Rg1 Rc2 50.Nb6 Re2
51.Rd7 Bc6 52.Rc7 Be8 53.Rxc5 Rd2 54.Rxa5 Rxd3 55.Rc1 Bd7 56.Nxd7 Rxd7 57.Ra8 g5
58.a5 Rd5 59.a6 Rxe5 60.a7 Ra5 61.Rc7 Ra1+ 62.Kh2 Ra2 63.Rb8 Ra3 64.a8=Q Rxa8
65.Rxa8 Kg6 66.g4 Kf6 67.Rc5 Ke6 68.Ra6+ Kd7 69.Rb5 Kc7 70.Rf5 Kb7 71.Rxh6 f6
72.Rfxf6 Kc7 73.Rf7+ Kd8 74.Rh8+  1-0

[Event "Chigorin Mem Classic Open"]
[Site "St Petersburg RUS"]
[Date "2010.10.29"]
[Round "2"]
[White "Andriasian,Z"]
[Black "Kirusha,A"]
[Result "1-0"]
[WhiteElo "2579"]
[BlackElo "2380"]

1.e4 c5 2.Nf3 Nc6 3.Bb5 Nf6 4.Nc3 Qc7 5.O-O Nd4 6.Re1 a6 7.Bf1 e5 8.Bc4 d6
9.Ng5 h6 10.Nf3 Bg4 11.Be2 Nxe2+ 12.Qxe2 Be7 13.d3 O-O 14.h3 Be6 15.Nh2 Rae8
16.Nf1 d5 17.exd5 Nxd5 18.Nxd5 Bxd5 19.Bd2 Bd6 20.Ne3 Be6 21.Ng4 f6 22.Bc3 Qf7
23.a4 h5 24.Ne3 f5 25.Nc4 Bxc4 26.dxc4 e4 27.Rad1 Bb8 28.Rd5 Re6 29.Red1 Rfe8
30.Rd7 R6e7 31.Rxe7 Rxe7 32.Rd8+ Re8 33.Qd1 Kh7 34.Rd7 Re7 35.Rxe7 Qxe7 36.Qxh5+ Kg8
37.Qxf5 Bd6 38.Bd2  1-0

[Event "Chigorin Mem Classic Open"]
[Site "St Petersburg RUS"]
[Date "2010.10.29"]
[Round "2"]
[White "Letov,P"]
[Black "Sokolova,V"]
[Result "1-0"]
[WhiteElo "2264"]
[BlackElo "2022"]

1.e4 c5 2.Nf3 Nc6 3.Bb5 g6 4.Bxc6 dxc6 5.d3 Bg7 6.Nc3 e5 7.Be3 b6 8.Qd2 Ne7
9.Bh6 Bf6 10.a4 Qd6 11.O-O Ng8 12.Be3 Kf8 13.a5 b5 14.Ne2 Be7 15.Nc1 f6 16.Nb3 c4
17.dxc4 bxc4 18.Nc5 Qxd2 19.Nxd2 f5 20.f3 f4 21.Bf2 c3 22.bxc3 Kg7 23.a6 Nh6
24.Nc4 Nf7 25.Rfd1 Rd8 26.Nd3 Kf6 27.Na5 Rd6 28.Bc5 Re6 29.Bxe7+ Kxe7 30.Nb4 Nd8
31.Rd2 Rd6 32.Rxd6 Kxd6 33.Nc4+ Ke6 34.Ra5 Nf7 35.Nxc6  1-0

[Event "Chigorin Mem Classic Open"]
[Site "St Petersburg RUS"]
[Date "2010.10.29"]
[Round "2"]
[White "Sivuk,V"]
[Black "Ivanov,Mir"]
[Result "1-0"]
[WhiteElo "2423"]
[BlackElo "2027"]

1.e4 c5 2.Nf3 Nc6 3.Bb5 a6 4.Bxc6 bxc6 5.d3 Nf6 6.O-O d6 7.e5 Ng4 8.Qe2 dxe5
9.h3 Nf6 10.Nxe5 e6 11.Nd2 Bd6 12.Ndc4 Qc7 13.Bf4 Nd5 14.Bg3 O-O 15.Nxd6 Qxd6
16.Ng6 Qd8 17.Nxf8 Qxf8 18.Qe5 Nb4 19.Rfc1 f6 20.Qd6 e5 21.Qxf8+ Kxf8 22.f4  1-0

[Event "Chigorin Mem Classic Open"]
[Site "St Petersburg RUS"]
[Date "2010.10.29"]
[Round "2"]
[White "Zamyshlyaev,A"]
[Black "Bogdanovich,S"]
[Result "0-1"]
[WhiteElo "2058"]
[BlackElo "2464"]

1.e4 c5 2.Nf3 Nc6 3.Bb5 e6 4.Nc3 Nge7 5.O-O g6 6.Bxc6 Nxc6 7.d4 cxd4 8.Nxd4 Qc7
9.Nxc6 Qxc6 10.Bf4 b5 11.Qe2 Bb7 12.f3 Bc5+ 13.Be3 b4 14.Nd5 exd5 15.exd5 Qxd5  0-1

[Event "Chigorin Mem Classic Open"]
[Site "St Petersburg RUS"]
[Date "2010.10.29"]
[Round "2"]
[White "Ambartsumova,K"]
[Black "Adamson,G"]
[Result "1-0"]
[WhiteElo "2302"]
[BlackElo "2075"]

1.e4 c5 2.Nf3 Nc6 3.Bb5 d6 4.O-O Bd7 5.Re1 e5 6.c3 Nf6 7.d4 Qc7 8.Na3 Rd8
9.d5 Nb8 10.Bxd7+ Nbxd7 11.Nb5 Qb8 12.c4 a6 13.Nc3 b5 14.cxb5 axb5 15.Qb3 b4
16.Nb1 Be7 17.Nbd2 O-O 18.Nc4 Qc7 19.Nh4 Rfe8 20.Nf5 Bf8 21.Qg3 g6 22.Nh6+ Bxh6
23.Bxh6 Nh5 24.Qh4 f6 25.Re3 Re7 26.a4 Ng7 27.b3 g5 28.Qg4 Nb6 29.Nxb6 Qxb6
30.h4 gxh4 31.Qxh4 Rf7 32.Rg3 Rdf8 33.Qg4 Qc7 34.a5 Kh8 35.a6 f5 36.exf5 Nxf5
37.Bxf8 Nxg3  1-0

[Event "11th Liberec Open"]
[Site "Liberec CZE"]
[Date "2010.10.30"]
[Round "9"]
[White "Gurtovoi,Borys"]
[Black "von Keyserlingk,Chanda"]
[Result "1-0"]
[WhiteElo "1990"]
[BlackElo "1789"]

1.e4 c5 2.Nf3 Nc6 3.Bb5 g6 4.Nc3 Bg7 5.Bxc6 bxc6 6.b3 d5 7.Rb1 Nf6 8.Qe2 O-O
9.e5 Nh5 10.g3 Bh3 11.Ng5 Bg2 12.Rg1 d4 13.Rxg2 dxc3 14.dxc3 Qd5 15.f4 Bh6
16.c4 Qd8 17.Bd2 Ng7 18.a4 Nf5 19.c3 e6 20.Qe4 Qc7 21.Re2 Rad8 22.Kf2 Qd7
23.g4 Nh4 24.Kg3 Qd3+ 25.Qxd3 Rxd3+ 26.Kxh4 Rfd8 27.Be1 Bf8 28.Ne4 h6 29.g5 Rf3
30.Kg4 Rdd3 31.gxh6 Bxh6 32.Bg3 Bf8 33.Ng5 Rfe3 34.Rxe3 Rxe3 35.Rc1 Be7 36.Bf2 Rd3
37.Ne4  1-0